000 00183 a2200085 4500
999 _c83811
_d83810
005 20180622145435.0
008 180614b ||||| |||| 00| 0 eng d
020 _a9788184956603
080 _aF
_bRAD/C
100 _aRadhakrishnan Pillai
245 _aChanakya in you
260 _c2015
_bJaico Publishing
_aMumbai
300 _a246p.
653 _aFiction - Business fiction
942 _cBK